|
|
|
|
| LEADER |
01227nam a22002657a 4500 |
| 001 |
38228 |
| 003 |
BD-DhAAL |
| 008 |
220403t2021 bg a|||| |||| 00| 0dben d |
| 999 |
|
|
|c 43948
|d 43948
|
| 020 |
|
|
|a 9789849583516
|
| 040 |
|
|
|a BD-DhAAL
|c BD-DhAAL
|
| 041 |
|
|
|a ben
|
| 082 |
|
|
|a 306.4495492
|
| 245 |
|
|
|a আলতাফ মাহমুদ :
|b এক ঝড়ের পাখি /
|c মতিউর রহমান সম্পাদিত
|
| 246 |
|
|
|a Altaf Mahmood :
|b ek jhorer pakhi
|
| 260 |
|
|
|a ঢাকা :
|b প্রথমা প্রকাশন,
|c ২০২১.
|
| 300 |
|
|
|a ১২২ পৃষ্ঠা :
|b চিত্র ;
|c ২২ সে.মি.
|
| 541 |
|
|
|a Donated By Akbar Ali Khan
|e 38228
|
| 600 |
|
|
|a মাহমুদ, আলতাফ,
|d ১৯৩৩-১৯৭১.
|9 47635
|
| 650 |
|
|
|a Bengali language movement.
|9 47636
|
| 650 |
|
|
|a Bengali language
|x Political aspects
|z Bangladesh.
|9 47637
|
| 700 |
|
|
|a রহমান, মতিউর
|9 47638
|
| 852 |
|
|
|a Ayesha Abed Library
|c Akbar Ali Khan Collection
|
| 942 |
|
|
|2 ddc
|c BK
|
| 952 |
|
|
|0 0
|1 0
|2 ddc
|4 0
|6 306_449549200000000_ALT
|7 1
|9 70338
|a BRACUL
|b BRACUL
|c AAKC
|d 2022-04-03
|e Donated by Akbar Ali Khan
|l 0
|o 306.4495492 ALT
|p 3010038228
|r 2022-04-03
|t 1
|w 2022-04-03
|y BK
|